000 013620000a22003370004500
003 EG-GICUC
005 20250223025543.0
008 061122s2005 ua a f m 000 0 eng d
040 _aEG-GICUC
_beng
_cEG-GICUC
041 0 _aEng
049 _aDeposite
097 _aPh.D
099 _aCai01.12.12.Ph.D.2005.Ma.E.
100 0 _aMahmoud Idlebi Shaar
245 1 0 _aEncryption and steganographic algorithms for data communication security /
_cMahmoud Idlebi Shaar ; Supervised Laila Fahmy Abd El al , Magdy Saeb , Usama Abd El raouf Badawi
246 1 5 _aخوارزميات التشفير والاخفاء لتامين اتصال البيانات
260 _aCairo :
_bMahmoud Idlebi Shaar ,
_c2005
300 _a146p :
_bill ;
_c30cm
502 _aThesis (PH.D.) - Cairo University - Faculty Of Science - Department Of Computer Science
520 _aThe digital revolution has brought about profound changes in our society and our lives
530 _aIssued also as CD
653 4 _aData Communication Security
653 4 _aEncryption and Stegnographic Algorithms
700 0 _aLaila Fahmy Abd El al ,
_eSupervisor
700 0 _aMagdy Saeb ,
_eSupervisor
700 0 _aUsama Abd El raouf Badawi ,
_eSupervisor
856 _uhttp://172.23.153.220/th.pdf
905 _aEsam
_eRevisor
905 _aMaher
_eCataloger
942 _2ddc
_cTH
999 _c15491
_d15491